| 000 | 00456nam a2200145 i 4500 | ||
|---|---|---|---|
| 001 | 61040 | ||
| 003 | ES-MaACL | ||
| 005 | 20230906164344.0 | ||
| 007 | t| | ||
| 008 | 031110m18671887sp ||||1| spa d | ||
| 245 | 0 | 0 |
_aEstadística del Registro de la Propiedad _b: relativa a los años de 1863-65 y 1874-76. |
| 260 |
_aMadrid : _b[s.n., _c1867-1887] ( _fImp. del Ministerio de Gracia y Justicia) |
||
| 300 |
_a2 v. ; _c32 cm. |
||
| 852 |
_aES-MaACL _jC-12356-7 |
||
| 999 |
_c61040 _d61040 |
||